8 rutas modernistas cerca de Barcelona
Publicado:
[Barcelona] :
Diputació de Barcelona, Xarxa de Municipis, [Oficina de Promoció Turística], DL 2002
Descripción Física:
[7] p. : il. col. ; 21 cm
MARC
| LEADER | 00000nam a2200000Ia 4500 | ||
|---|---|---|---|
| 001 | 15417 | ||
| 008 | 160829s9999 xx 000 0 cat d | ||
| 080 | |a FU-37-20 | ||
| 245 | |a 8 rutas modernistas cerca de Barcelona | ||
| 250 | |a Ed. en castellano | ||
| 260 | |a [Barcelona] : |b Diputació de Barcelona, Xarxa de Municipis, [Oficina de Promoció Turística], DL 2002 | ||
| 300 | |a [7] p. : |b il. col. ; |c 21 cm | ||
| 590 | |a A la portada: Turisme Total. | ||
| 590 | |a Variant del títol: Ocho rutas modernistas cerca de Barcelona. | ||
| 590 | |a Existeixen altres edicions | ||
| 650 | 0 | |a Modernisme (Arquitectura) |x Barcelona (Província) |v Guies |9 21838 | |
| 710 | 1 | |a Barcelona (Catalunya : Província). |b Oficina de Promoció Turística |9 51402 | |
| 901 | |a Arxiu | ||
| 942 | |n 1 | ||
| 952 | |0 0 |1 0 |4 0 |6 FU3720 |7 1 |9 41865 |a Arxiu |b Arxiu |d 2016-12-01 |l 0 |o FU-37-20 |p 15417 |r 2016-12-01 00:00:00 |w 2016-12-01 |y ARXIU | ||
| 999 | |c 44312 |d 44312 | ||